000 00437nam a2200169 4500
001 11377
005 20230410121157.0
008 060907n2001 dr spa
020 _a1568026226
035 _9funglode11466
041 _aEN
050 1 4 _aJZ 1318 G562i 2001
245 0 _aGlobal Issues :
_bselections from the CQ researcher
260 _aWashington :
_bCQ Press,
_c2001
300 _axiv, 302 p.
942 _2lcc
_cbk
999 _c59502
_d59502